[Event "AUTO-ADV-4867"]
[Site "http://www.queenalice.com/game.php?id=1857688"]
[Date "2025.5.22"]
[Round "1"]
[White "chessman"]
[Black "Tartenfou93"]
[Result "0-1"]
[WhiteElo "1938"]
[BlackElo "1956"]

1. e4 c5 2. a3 a6 3. Nf3 d6 4. b4 Nf6 5. Qe2 Nc6 6. d3 Bg4 7. h3 Bh5 8. Nc3 Nd4
9. Qd1 Bxf3 10. gxf3 g6 11. Be3 Bg7 12. Bxd4 cxd4 13. Ne2 Qc7 14. f4 Nh5 15. Rc1
Bh6 16. Nxd4 Qc3+ 0-1

[Event "AUTO-ADV-4867"]
[Site "http://www.queenalice.com/game.php?id=1857689"]
[Date "2025.5.22"]
[Round "1"]
[White "Tartenfou93"]
[Black "chessman"]
[Result "1-0"]
[WhiteElo "2019"]
[BlackElo "1960"]

1. d4 d5 2. Nf3 e6 3. Bf4 c6 4. e3 Nf6 5. Bd3 Be7 6. Nbd2 O-O 7. O-O Re8 8. Ne5
a6 9. Qf3 Nbd7 10. Qh3 c5 11. c3 cxd4 12. exd4 Nf8 13. Rfe1 N6d7 14. Re3 Nxe5
15. Rxe5 Bf6 16. Bxh7+ Nxh7 17. Rh5 g6 18. Rxh7 e5 19. Qh6 exf4 20. h4 Re2 21.
h5 Qf8 22. Qxf8+ Kxf8 23. Nf3 Kg8 24. hxg6 fxg6 25. Rc7 Rxb2 26. a4 Bg4 27. Ne1
Rc8 28. Rxc8+ Bxc8 29. Nd3 Rc2 30. Nxf4 Rxc3 31. Nxd5 Rc6 32. Re1 Re6 33. Rxe6
Bxe6 34. Nxf6+ Kf7 35. Ne4 Bd5 36. f3 b5 37. axb5 axb5 38. Nd6+ Ke6 39. Nxb5 Kf5
40. Nc3 Bc4 41. Kf2 g5 42. Ke3 g4 43. f4 Ba6 44. g3 Bb7 45. d5 Bc8 46. Ne4 Bd7
47. Nd6+ Kf6 48. Ke4 1-0

[Event "AUTO-ADV-4867"]
[Site "http://www.queenalice.com/game.php?id=1857696"]
[Date "2025.5.22"]
[Round "1"]
[White "Tartenfou93"]
[Black "MHRangel"]
[Result "0-1"]
[WhiteElo "2067"]
[BlackElo "1732"]

1. d4 g6 2. Bf4 d6 3. Qd2 Bg7 4. e4 Nc6 5. Ne2 Nf6 6. Nbc3 O-O 7. O-O-O Bd7 8.
f3 a6 9. g4 Ne8 10. h4 b5 11. h5 b4 12. Nd5 a5 13. Bh6 e6 14. Bxg7 Kxg7 15. hxg6
fxg6 16. Qh6+ Kf7 17. Qxh7+ Ng7 18. Ndf4 Qg5 19. Qh6 Qxh6 20. Rxh6 g5 21. Nh3
Rh8 22. Nxg5+ Ke7 23. Rxh8 Rxh8 24. Nh3 a4 25. d5 Ne5 26. Nef4 Kf7 27. Ng5+ Ke7
28. dxe6 Nxe6 29. Nd5+ Kf8 30. Nxe6+ Bxe6 31. Nxc7 Ke7 32. Be2 Bxa2 33. Na6 b3
34. c3 Rh2 35. Kd2 Nxf3+ 36. Ke3 Ng5 37. Nb4 Rh3+ 38. Kf4 Ne6+ 39. Kf5 Rh2 40.
Bc4 Rf2+ 41. Kg6 Rf4 42. Nd5+ Kd7 43. Nxf4 Nxf4+ 44. Kf5 Ng2 45. Be6+ Ke7 46.
Rd3 Bb1 47. Rg3 Nh4+ 48. Kg5 Kxe6 49. Kxh4 Bxe4 50. Re3 Kd5 51. g5 Bg6 52. Re1
a3 53. Re2 a2 54. Re1 Kc4 55. Rd1 d5 56. Kg4 Bc2 57. Ra1 Bg6 58. Kf4 Kd3 59. Ke5
Kc2 60. Kxd5 Kxb2 61. Rf1 Kxc3 62. Ke6 b2 63. Rf3+ Bd3 64. g6 a1=Q 65. g7 Qg1
66. Kf7 b1=Q 67. g8=Q Qb7+ 0-1

[Event "AUTO-ADV-4867"]
[Site "http://www.queenalice.com/game.php?id=1857697"]
[Date "2025.5.22"]
[Round "1"]
[White "MHRangel"]
[Black "Tartenfou93"]
[Result "0-1"]
[WhiteElo "1917"]
[BlackElo "1992"]

1. d4 d5 2. c4 e5 3. dxe5 d4 4. Nf3 Nc6 5. a3 Bg4 6. e3 Qd7 7. Be2 O-O-O 8. Bd3
dxe3 9. Bxe3 Nxe5 10. O-O Bxf3 11. gxf3 Qh3 12. Bf4 Nxd3 13. Bg3 Nf4 14. Qxd8+
Kxd8 15. Rd1+ Kc8 16. Bxf4 Qxf3 17. Rd4 Bc5 18. Nd2 Qg4+ 19. Bg3 Bxd4 20. Rb1 h5
21. Nb3 h4 22. Nxd4 hxg3 0-1

[Event "AUTO-ADV-4848"]
[Site "http://www.queenalice.com/game.php?id=1859468"]
[Date "2025.7.5"]
[Round "2"]
[White "Tartenfou93"]
[Black "wdcarver"]
[Result "1-0"]
[WhiteElo "2052"]
[BlackElo "1823"]

1. d4 d5 2. Nf3 c5 3. b3 Nc6 4. e3 Bg4 5. Bb2 Nf6 6. Nbd2 a6 7. a3 cxd4 8. exd4
e6 9. Bd3 Bd6 10. O-O Rc8 11. h3 Bh5 12. Qe2 Ne7 13. g4 Bg6 14. Ne5 Bxd3 15.
Qxd3 Ng6 16. f4 Qc7 17. Rac1 Nd7 18. c4 1-0

[Event "AUTO-ADV-4848"]
[Site "http://www.queenalice.com/game.php?id=1859469"]
[Date "2025.7.5"]
[Round "2"]
[White "wdcarver"]
[Black "Tartenfou93"]
[Result "0-1"]
[WhiteElo "1830"]
[BlackElo "2045"]

1. d4 d5 2. c4 e5 3. dxe5 d4 4. Nf3 Nc6 5. a3 Bg4 6. Bg5 f6 7. exf6 Nxf6 8. Nbd2
Be7 9. Nb3 Bxf3 10. gxf3 Qd7 11. Bh4 O-O 12. Bg3 Rad8 13. Nc1 Nh5 14. Nd3 Qe6
15. b3 Rxf3 0-1

[Event "AUTO-MASTER-3280"]
[Site "http://www.queenalice.com/game.php?id=1862752"]
[Date "2025.9.9"]
[Round "1"]
[White "CCapivara"]
[Black "Tartenfou93"]
[Result "1-0"]
[WhiteElo "2346"]
[BlackElo "2038"]

1. e4 c5 2. Nf3 Nc6 3. d4 cxd4 4. Nxd4 Nf6 5. Nc3 g6 6. Be3 Bg7 7. Be2 O-O 8.
Qd2 d6 9. f3 Ne5 10. O-O-O Bd7 11. Kb1 Rc8 12. g4 Nc4 13. Bxc4 Rxc4 14. h4 Bxg4
15. fxg4 Nxg4 16. h5 Nxe3 17. Qxe3 Qb6 18. Nd5 Qd8 19. hxg6 fxg6 20. Ne6 Qc8 21.
Nxe7+ Kh8 22. Nxc8 Rfxc8 23. Nxg7 1-0

[Event "AUTO-MASTER-3280"]
[Site "http://www.queenalice.com/game.php?id=1862753"]
[Date "2025.9.9"]
[Round "1"]
[White "Tartenfou93"]
[Black "CCapivara"]
[Result "0-1"]
[WhiteElo "2086"]
[BlackElo "2274"]

1. d4 d6 2. Bf4 Nf6 3. Nc3 c6 4. e4 Qa5 5. Bd3 e5 6. dxe5 dxe5 7. Bg5 Bb4 8. Ne2
Bg4 9. f3 Bh5 10. a3 Bxc3+ 11. Nxc3 Nbd7 12. b4 Qb6 13. Na4 Qc7 14. c4 O-O 15.
Qc2 h6 16. Bh4 a5 17. O-O axb4 18. axb4 Bg6 19. Bf2 Nh5 20. g3 Nhf6 21. Ra2 Rfe8
22. Rfa1 Nf8 23. Bb6 Qe7 24. c5 Ne6 25. Qb2 Nd4 26. Kg2 Nd7 27. f4 f6 28. Bc4+
Kh8 29. f5 Bf7 30. Bxf7 Qxf7 31. Ba5 Qh5 32. Qf2 Nf8 33. Nb6 Rab8 34. Nc4 Nh7
35. h4 Qg4 36. Nd6 Re7 37. Bb6 g5 38. Ra8 Rxa8 39. Rxa8+ Kg7 40. Bd8 Rd7 41.
Ne8+ Kf7 42. Nd6+ Rxd6 43. cxd6 gxh4 44. Ra7 h3+ 45. Kh1 Qd1+ 46. Kh2 Nf3+ 47.
Kxh3 Nhg5+ 48. Kg2 Ne1+ 49. Kh2 Qh5+ 50. Kg1 Nef3+ 51. Kf1 Qh1+ 52. Ke2 Nd4+ 53.
Kd2 Nxe4+ 0-1

[Event "AUTO-OPEN-4614"]
[Site "http://www.queenalice.com/game.php?id=1862879"]
[Date "2025.9.11"]
[Round "1"]
[White "cerenzo72"]
[Black "Tartenfou93"]
[Result "1-0"]
[WhiteElo "2105"]
[BlackElo "2082"]

1. e4 c5 2. Nc3 Nc6 3. Nf3 g6 4. d4 cxd4 5. Nxd4 Bg7 6. Nb3 b6 7. Bf4 Bb7 8. Rb1
Nf6 9. Nb5 O-O 10. Bc4 Nxe4 11. O-O Rc8 12. Bd5 d6 13. Bxe4 Ba6 14. a4 Ne5 15.
Re1 Qd7 16. N3d4 Nc4 17. Bg3 Bb7 18. Nxa7 Rc5 19. Bxb7 Qxb7 20. Nab5 Be5 21.
Bxe5 dxe5 22. Nf3 Rd5 23. Qe2 f5 24. b3 Nd6 25. Nxe5 Nxb5 26. axb5 Rd6 27. c4
Rfd8 28. Nc6 R8d7 29. Rbd1 Kf8 30. Rxd6 Rxd6 31. Nxe7 f4 32. Nd5 Qf7 33. f3 h5
34. Qe5 1-0